| 000 | 00452nam a2200193Ia 4500 | ||
|---|---|---|---|
| 005 | 20240823050153.0 | ||
| 008 | 240823s9999||||xx |||||||||||||| ||und|| | ||
| 020 | _a978-81-224-1902-3 | ||
| 041 | _aENGLISH | ||
| 082 | _A526.9 Q1 | ||
| 100 | _aChandra A M | ||
| 245 | 0 | _aPlane Surveying | |
| 250 | _a2nd | ||
| 260 |
_c2011 _bNew Age International (P _aNew Delhi |
||
| 500 | _aYES | ||
| 650 |
_aSurveying _bCivil |
||
| 942 | _cBK | ||
| 999 |
_c216635 _d216635 |
||